| 000 | 00335nam a2200133Ia 4500 | ||
|---|---|---|---|
| 005 | 20251222144845.0 | ||
| 008 | 251222s9999||||xx |||||||||||||| ||spa|| | ||
| 020 | _a84-86743-03-6 | ||
| 082 | _a658.403/P97 | ||
| 100 | _aPunset, Eduardo | ||
| 245 | 0 | _aSociedad de la Información: | |
| 264 | _bCiencias en la Dirección | ||
| 942 | _cLIB | ||
| 999 |
_c21377 _d21377 |
||